| 000 | 01598nam a2200481 i 4500 | ||
|---|---|---|---|
| 001 | 44225 | ||
| 003 | KOSZ 005 | ||
| 005 | 20210310090739.0 | ||
| 008 | 040504s2004 pl a f |000 0 ger | ||
| 015 | _aUWD 2008/8651 | ||
| 020 | _a8370857604 | ||
| 035 | _a991023171609705066 | ||
| 035 | _a(PL-WaBN)b16245416-48omnis_nlop | ||
| 035 | _ab16245416 | ||
| 035 | _a(OCoLC)168769169 | ||
| 035 | _a(PL)b0000001624541 | ||
| 035 | _a(EXLNZ-48OMNIS_NETWORK)9910049206605606 | ||
| 040 |
_aWA N _cWA N _dKOSZ 005/HR |
||
| 041 | 0 | _ager | |
| 046 | _k2004 | ||
| 080 | _a629.36.05 | ||
| 080 | _a629.3.023.1 | ||
| 100 | 1 |
_aDudziński, Piotr _eAutor |
|
| 245 | 1 | 0 |
_aTheorie der Lenksysteme für industrielle Radfahrzeuge / _cPiotr Dudziński. |
| 260 |
_aWrocław : _bOficyna Wydawnicza Politechniki Wrocławskiej, _c2004. |
||
| 300 |
_a184 s. : _bil. (w tym kolor.) ; _c25 cm. |
||
| 336 |
_aTekst _btxt _2rdacontent |
||
| 337 |
_aBez urządzenia pośredniczącego _bn _2rdamedia |
||
| 338 |
_aWolumin _bnc _2rdacarrier |
||
| 380 | _aKsiążki | ||
| 380 | _aPublikacje naukowe | ||
| 388 | _a2001- | ||
| 504 | _aBibliogr. s. 177-184. | ||
| 650 | 7 |
_aPodwozia _2DBN |
|
| 650 | 7 | _aBudowa i konstrukcje | |
| 650 | 7 |
_aPojazdy mechaniczne _2DBN |
|
| 650 | 7 |
_aUkład kierowniczy _2DBN |
|
| 658 | _aInżynieria i technika | ||
| 710 | 2 |
_aOficyna Wydawnicza Politechniki Wrocławskiej _4pbl |
|
| 856 |
_uhttp://koha.tu.koszalin.pl/cgi-bin/koha/opac-detail.pl?biblionumber=44225 _yKatalog online BPK |
||
| 942 |
_2UKD _cKS |
||
| 999 |
_c44225 _d44225 |
||